Logo BPK

Biblioteka

Politechniki Koszalińskiej

Der praktische Stahlbau. (Rekord nr 12163)

Szczegóły MARC
000 -ETYKIETA REKORDU
podpole kontrolne o stałej długości 00422nam a2200169 i 4500
001 - NUMER KONTROLNY REKORDU
pole kontrolne bg
040 ## - ŹRÓDŁO KATALOGOWANIA
Instytucja, która utworzyła rekord BPK
041 ## - KOD JĘZYKA
Kod języka tekstu pol
080 ## - UNIWERSALNA KLASYFIKACJA DZIESIĘTNA - UKD
UKD 624.94
008 - POLE O STAŁEJ DŁUGOŚCI - DANE KONTROLNE
podpole kontrolne o stałej długości s pl f |000 0 pol
100 1# - NAZWA OSOBOWA
Nazwa osobowa GREGOR, Alfred.
245 #0 - TYTUŁ/ODPOWIEDZIALNOŚĆ
Tytuł Der praktische Stahlbau.
Oznaczenie części/sekcji dzieła Bd. 4,
Tytuł części/sekcji dzieła Trägerbau /
Pozostałe elementy strefy tytułu i oznaczenia odpowiedzialności Alfred Gregor.
250 ## - STREFA WYDANIA
Oznaczenie wydania 2 Aufl.
260 ## - STREFA ADRESU WYDAWNICZEGO
Miejsce wydania Berlin :
Nazwa wydawcy/dystrybutora VEB Verlag für Bauwesen,
Data publikacji, dystrybucji/powstania dokumentu 1966.
300 ## - STREFA OPISU FIZYCZNEGO
Objętość 606 s.
856 ## - LOKALIZACJA I DOSTĘP DO ELEKTRONICZNYCH DOKUMENTÓW ZDALNYCH
Link (URL) http://koha.tu.koszalin.pl/cgi-bin/koha/opac-detail.pl?biblionumber=12163
Tekst linku Katalog online BPK
942 ## - DODATKOWE ELEMENTY (KOHA)
Typ dokumentu Książka
Egzemplarze
Wycofany Status egzemplarza Uszkodzony Dostępność Lokalizacja stała Lokalizacja bieżąca Miejsce przechowywania Sygnatura Kod kreskowy Typ dokumentu
      Dostępny Biblioteka Politechniki Koszalińskiej Biblioteka Politechniki Koszalińskiej Wypożyczalnia BG 6230 02207377 Książka
© 2023 Biblioteka Politechniki Koszalińskiej :: KOHA